[Event "RUS-Cup01"]
[Site "Tomsk"]
[Date "2003.07.10"]
[Round "7"]
[White "Kron, Valentin"]
[Black "Iskusnyh, Sergei"]
[Result "0-1"]
[WhiteElo "2407"]
[BlackElo "2487"]
[PlyCount "60"]
[EventDate "2003.07.04"]
[EventType "swiss"]
[EventRounds "9"]
[EventCountry "RUS"]
[SourceTitle "CBM 095 Extra"]
[Source "ChessBase"]
[SourceDate "2003.09.04"]
[SourceVersion "1"]
[SourceVersionDate "2003.09.04"]
[SourceQuality "1"]

1. c4 c5 2. Nf3 g6 3. d4 cxd4 4. Nxd4 Nc6 5. e4 Nf6 6. Nc3 d6 7. Be2 Nxd4 8. Qxd4 Bg7 9. Bg5 0-0 10. Qd2 Be6 11. f3 Rc8 12. Nd5 b5 13. cxb5 Bxd5 14. exd5 Rc5 15. Bxf6 Bxf6 16. 0-0 Qb6 17. Kh1 Rfc8 18. Rac1 Qb7 19. Rxc5 Rxc5 20. Rd1 Qc7 21. Rb1 Rc2 22. Qe3 Bxb2 23. Bd1 Bc1 24. Qe1 Rc3 25. Bb3 Bf4 26. g3 Be5 27. Qe2 Qc5 28. Re1 Qb4 29. Kg2 Rc5 30. h4 h5 0-1

[Event "RUS-Cup01"]
[Site "Tomsk"]
[Date "2003.07.09"]
[Round "6"]
[White "Gareyev, Timur"]
[Black "Kron, Valentin"]
[Result "1/2-1/2"]
[WhiteElo "2423"]
[BlackElo "2407"]
[PlyCount "97"]
[EventDate "2003.07.04"]
[EventType "swiss"]
[EventRounds "9"]
[EventCountry "RUS"]
[SourceTitle "CBM 095 Extra"]
[Source "ChessBase"]
[SourceDate "2003.09.04"]
[SourceVersion "1"]
[SourceVersionDate "2003.09.04"]
[SourceQuality "1"]

1. d4 d5 2. c4 e6 3. Nc3 Nf6 4. Bg5 c5 5. cxd5 cxd4 6. Qxd4 Be7 7. e4 Nc6 8. Qd2 Nxd5 9. exd5 Bxg5 10. f4 Bh4+ 11. g3 exd5 12. gxh4 Qxh4+ 13. Qf2 Qe7+ 14. Qe2 Be6 15. 0-0-0 d4 16. Ne4 0-0 17. Ng5 Qc5+ 18. Qc2 Qxc2+ 19. Kxc2 Nb4+ 20. Kd2 Bxa2 21. Bd3 h6 22. Ne4 Bd5 23. Ne2 f5 24. N4g3 Bxh1 25. Rxh1 Nxd3 26. Kxd3 g6 27. h4 h5 28. Rg1 Kf7 29. Nxd4 Rfd8 30. Nf1 Rd6 31. Nd2 Rad8 32. N2f3 Kf6 33. Ke3 a6 34. Rg2 Rd5 35. Rg1 R8d6 36. Rg2 Ke7 37. Rc2 Kd8 38. Rc4 Rb6 39. b4 Rd7 40. Ne5 Rc7 41. Kd3 Rxc4 42. Kxc4 Ke7 43. Kc5 Rd6 44. Nc4 Rd8 45. Nb6 Rf8 46. Nd5+ Kd7 47. Nb6+ Ke7 48. Kd5 Rd8+ 49. Kc5 1/2-1/2

[Event "Sibiria Region-ch"]
[Site "Novosibirsk"]
[Date "2003.??.??"]
[Round "9"]
[White "Kirillov, Pavel"]
[Black "Kron, Valentin"]
[Result "0-1"]
[WhiteElo "2150"]
[BlackElo "2441"]
[PlyCount "54"]
[EventDate "2003.05.??"]
[EventType "swiss"]
[EventRounds "9"]
[EventCountry "RUS"]
[SourceTitle "EXT 2008"]
[Source "ChessBase"]
[SourceDate "2007.11.25"]
[SourceVersion "1"]
[SourceVersionDate "2007.11.25"]
[SourceQuality "1"]

1. e4 c5 2. c3 Nf6 3. e5 Nd5 4. d4 cxd4 5. cxd4 d6 6. Nf3 Nc6 7. Bc4 Nb6 8. Bb5 dxe5 9. Bxc6+ bxc6 10. Nxe5 Ba6 11. Nc3 e6 12. Qf3 Qc7 13. Bf4 Bd6 14. Ne4 Nd5 15. Bg3 Qa5+ 16. Kd1 Bxe5 17. Bxe5 0-0 18. Nc5 Rad8 19. Qa3 Qxa3 20. bxa3 Bc8 21. Kc2 f6 22. Bb8 e5 23. Nd3 Bf5 24. Bc7 Nf4 25. Rhd1 exd4 26. g3 Nxd3 27. Rxd3 Rd5 0-1